| 000 | 00450nam a22001817a 4500 | ||
|---|---|---|---|
| 003 | CEME | ||
| 005 | 20210628210730.0 | ||
| 008 | 210212b xxu||||| |||| 00| 0 eng d | ||
| 020 | _a0-07-882576-8 | ||
| 040 | _c. | ||
| 082 | _a005.133-VB RAH | ||
| 100 |
_aRahmel, dan _956790 |
||
| 245 | _aVisual basic 6 programmer's reference | ||
| 260 |
_aOSBORNE _bMCGRAW HILL _c1999 |
||
| 300 | _a475P | ||
| 650 |
_aVISUAL BASIC 6 _956474 |
||
| 942 |
_cBK _2ddc |
||
| 999 |
_c585630 _d585630 |
||